[Event "Quebec op"]
[Site "Montreal CAN"]
[Date "1992.08.04"]
[Round "4"]
[White "Barbeau, Sylvain"]
[Black "Lesiege, Alexandre"]
[Result "0-1"]
[WhiteElo "2365"]
[BlackElo "2500"]
[WhiteFideId "-1"]
[WhiteFideId "-1"]
[PlyCount "84"]
[GameId "2160767912325951"]
[EventDate "1992.08.01"]
[EventType "swiss"]
[EventRounds "8"]
[EventCountry "CAN"]
[SourceTitle "EXT 2022"]
[Source "ChessBase"]
[SourceDate "2021.10.06"]
[SourceVersion "1"]
[SourceVersionDate "2021.10.06"]
[SourceQuality "1"]

1. d4 d5 2. c4 e6 3. Nc3 c6 4. e3 Nf6 5. Nf3 Nbd7 6. Bd3 dxc4 7. Bxc4 b5 8. Bd3 Bb7 9. O-O a6 10. b3 c5 11. Bb2 Be7 12. Rc1 O-O 13. Qe2 cxd4 14. exd4 Nb6 15. Ne4 Nbd5 16. Nxf6+ gxf6 17. Qd2 Kh8 18. Qh6 f5 19. Rfd1 Rg8 20. Ne5 Qe8 21. g3 f6 22. Nf3 Bd6 23. Kf1 Qf7 24. Be2 Rg6 25. Qh3 Rag8 26. a3 Qg7 27. Ke1 Rh6 28. Qf1 Qe7 29. b4 a5 30. Bxb5 axb4 31. a4 Nc3 32. Rd3 Nxb5 33. axb5 Bd5 34. Qe2 Qb7 35. Rc6 Bf8 36. Re3 Rg4 37. Qc2 Rhg6 38. Nh4 Rg8 39. f3 Rxh4 40. gxh4 Qxb5 41. Rcxe6 Bxe6 42. Rxe6 Rg1+ 0-1

[Event "Cannes Martinez op"]
[Site "Cannes"]
[Date "1992.??.??"]
[Round "?"]
[White "Lesiege, Alexandre"]
[Black "Relange, Eloi"]
[Result "1-0"]
[WhiteElo "2375"]
[BlackElo "2285"]
[WhiteFideId "-1"]
[WhiteFideId "-1"]
[PlyCount "53"]
[GameId "1166637531353088"]
[EventDate "1992.07.??"]
[EventType "swiss"]
[EventRounds "9"]
[EventCountry "FRA"]
[SourceTitle "EXT 1997"]
[Source "ChessBase"]
[SourceDate "1996.11.15"]
[SourceVersion "1"]
[SourceVersionDate "1996.11.15"]
[SourceQuality "1"]

1. c4 g6 2. Nc3 Bg7 3. g3 Nf6 4. Bg2 O-O 5. d4 d6 6. Nf3 Nbd7 7. O-O e5 8. e4 c6 9. b3 Qb6 10. d5 Nc5 11. Be3 cxd5 12. Nxd5 Nxd5 13. cxd5 Bd7 14. Nd2 a5 15. Re1 Rac8 16. Rc1 f5 17. Nc4 Qa6 18. exf5 gxf5 19. Nxe5 Bxe5 20. Bxc5 Bb2 21. Re7 dxc5 22. d6 Rce8 23. Rxd7 Rd8 24. Rxd8 Rxd8 25. Rxc5 Rxd6 26. Bd5+ Kg7 27. Rc7+ 1-0

[Event "Parthenay op"]
[Site "Parthenay"]
[Date "1992.??.??"]
[Round "1"]
[White "Stokstad, Petter Glenne"]
[Black "Lesiege, Alexandre"]
[Result "0-1"]
[WhiteElo "2205"]
[BlackElo "2375"]
[WhiteFideId "-1"]
[WhiteFideId "-1"]
[PlyCount "42"]
[GameId "1166637539266560"]
[EventDate "1992.07.??"]
[EventType "swiss"]
[EventRounds "9"]
[EventCountry "FRA"]
[SourceTitle "EXT 1998"]
[Source "ChessBase"]
[SourceDate "1997.11.17"]
[SourceVersion "1"]
[SourceVersionDate "1997.11.17"]
[SourceQuality "1"]

1. d4 Nf6 2. c4 g6 3. Nc3 Bg7 4. e4 d6 5. f4 O-O 6. Nf3 c5 7. Be2 cxd4 8. Nxd4 Na6 9. Be3 Nc5 10. Bf3 Bh6 11. O-O e5 12. Ndb5 Ne6 13. Qxd6 a6 14. Bb6 Qd7 15. Nd5 Nxd5 16. Qxd7 Nxb6 17. Qe7 axb5 18. f5 Bg5 19. Qb4 Nd4 20. c5 Nc4 21. b3 Bd2 0-1

[Event "Parthenay op"]
[Site "Parthenay"]
[Date "1992.??.??"]
[Round "2"]
[White "Lesiege, Alexandre"]
[Black "Ikonnikov, Vyacheslav"]
[Result "1-0"]
[WhiteElo "2375"]
[BlackElo "2505"]
[WhiteFideId "-1"]
[WhiteFideId "-1"]
[PlyCount "69"]
[GameId "1166637539315712"]
[EventDate "1992.07.??"]
[EventType "swiss"]
[EventRounds "9"]
[EventCountry "FRA"]
[SourceTitle "EXT 1998"]
[Source "ChessBase"]
[SourceDate "1997.11.17"]
[SourceVersion "1"]
[SourceVersionDate "1997.11.17"]
[SourceQuality "1"]

1. d4 Nf6 2. c4 c5 3. Nf3 cxd4 4. Nxd4 e5 5. Nb5 d5 6. cxd5 Bc5 7. N5c3 O-O 8. e3 e4 9. Nd2 Bf5 10. a3 Nbd7 11. b4 Bd6 12. Nc4 Ne5 13. Nxd6 Qxd6 14. Qd4 Rfe8 15. Bb2 a6 16. Be2 Rac8 17. f3 exf3 18. gxf3 Bd3 19. f4 Nc4 20. Bxd3 Nxb2 21. O-O Nxd3 22. Qxd3 Ng4 23. Rf3 f5 24. Rd1 Qb6 25. d6 Nxe3 26. Na4 Qa7 27. d7 Nxd1+ 28. Kg2 b5 29. Nc5 Nb2 30. Qd5+ Kh8 31. Qd4 Nc4 32. Rg3 Qa8+ 33. Kf2 Rg8 34. Ne6 Rcd8 35. Rxg7 1-0

[Event "Parthenay op"]
[Site "Parthenay"]
[Date "1992.??.??"]
[Round "5"]
[White "Degraeve, Jean Marc"]
[Black "Lesiege, Alexandre"]
[Result "1-0"]
[WhiteElo "2480"]
[BlackElo "2375"]
[WhiteFideId "-1"]
[WhiteFideId "-1"]
[PlyCount "69"]
[GameId "1166637539540992"]
[EventDate "1992.07.??"]
[EventType "swiss"]
[EventRounds "9"]
[EventCountry "FRA"]
[SourceTitle "EXT 1998"]
[Source "ChessBase"]
[SourceDate "1997.11.17"]
[SourceVersion "1"]
[SourceVersionDate "1997.11.17"]
[SourceQuality "1"]

1. e4 c5 2. Nf3 e6 3. d4 cxd4 4. Nxd4 Nf6 5. Nc3 d6 6. Be3 a6 7. Qd2 b5 8. f3 Nbd7 9. g4 h6 10. O-O-O Bb7 11. Bd3 Ne5 12. Rhe1 Rc8 13. Kb1 Nfd7 14. f4 b4 15. Na4 Nxd3 16. cxd3 Qa5 17. b3 Nc5 18. Nxc5 dxc5 19. Nf3 Be7 20. Ne5 Qb5 21. Nc4 a5 22. h4 Ra8 23. g5 a4 24. Qb2 f6 25. gxf6 gxf6 26. Rg1 axb3 27. axb3 Qc6 28. Rg7 Ba6 29. Qg2 Ra7 30. Qg6+ Kd8 31. Rxe7 Rxe7 32. Qxf6 Rg8 33. Ne5 Qb6 34. Rc1 Qd6 35. Nf7+ 1-0

[Event "Parthenay op"]
[Site "Parthenay"]
[Date "1992.??.??"]
[Round "6"]
[White "Lesiege, Alexandre"]
[Black "Wilgenhof, Otto"]
[Result "1-0"]
[WhiteElo "2375"]
[BlackElo "2220"]
[WhiteFideId "-1"]
[WhiteFideId "-1"]
[PlyCount "53"]
[GameId "1166637539643392"]
[EventDate "1992.07.??"]
[EventType "swiss"]
[EventRounds "9"]
[EventCountry "FRA"]
[SourceTitle "EXT 1998"]
[Source "ChessBase"]
[SourceDate "1997.11.17"]
[SourceVersion "1"]
[SourceVersionDate "1997.11.17"]
[SourceQuality "1"]

1. d4 Nf6 2. c4 g6 3. Nf3 Bg7 4. g3 d6 5. Bg2 O-O 6. O-O c6 7. Nc3 Qa5 8. h3 e5 9. e4 Nbd7 10. Be3 Qb4 11. Qe2 Nb6 12. dxe5 dxe5 13. Nxe5 Nxe4 14. Nxe4 Bxe5 15. b3 Bf5 16. Bc5 Qa5 17. Bxf8 Bxa1 18. b4 Qe5 19. Bd6 Qb2 20. Qd1 Nxc4 21. Bf4 Bxe4 22. Bxe4 Qd4 23. Qxa1 Qxe4 24. Re1 Qf5 25. Qd4 g5 26. Bc7 Rc8 27. Bd8 1-0

[Event "Parthenay op"]
[Site "Parthenay"]
[Date "1992.??.??"]
[Round "8"]
[White "Lesiege, Alexandre"]
[Black "Coupet, Pascal"]
[Result "1-0"]
[WhiteElo "2375"]
[BlackElo "2275"]
[WhiteFideId "-1"]
[WhiteFideId "-1"]
[PlyCount "53"]
[GameId "1166637539803136"]
[EventDate "1992.07.??"]
[EventType "swiss"]
[EventRounds "9"]
[EventCountry "FRA"]
[SourceTitle "EXT 1998"]
[Source "ChessBase"]
[SourceDate "1997.11.17"]
[SourceVersion "1"]
[SourceVersionDate "1997.11.17"]
[SourceQuality "1"]

1. d4 f5 2. g3 Nf6 3. Bg2 g6 4. c4 Bg7 5. Nc3 d6 6. Nf3 O-O 7. O-O Qe8 8. d5 c6 9. Nd4 e5 10. dxe6 Bxe6 11. Bf4 Bxc4 12. Bxd6 Rf7 13. Qa4 b5 14. Qc2 Ne4 15. Nxe4 Bxd4 16. Rad1 Bg7 17. b3 Bd5 18. Rxd5 fxe4 19. Rdd1 e3 20. fxe3 Qxe3+ 21. Kh1 Rxf1+ 22. Rxf1 Kh8 23. Rd1 Qc3 24. Qxc3 Bxc3 25. Be7 Ba5 26. Bh3 Kg7 27. Bc8 1-0

[Event "Parthenay op"]
[Site "Parthenay"]
[Date "1992.??.??"]
[Round "9"]
[White "Lupu, Mircea Sergiu"]
[Black "Lesiege, Alexandre"]
[Result "0-1"]
[WhiteElo "2435"]
[BlackElo "2375"]
[WhiteFideId "-1"]
[WhiteFideId "-1"]
[PlyCount "63"]
[GameId "1166637539889152"]
[EventDate "1992.07.??"]
[EventType "swiss"]
[EventRounds "9"]
[EventCountry "FRA"]
[SourceTitle "EXT 2002"]
[Source "ChessBase"]
[SourceDate "2001.11.25"]
[SourceVersion "1"]
[SourceVersionDate "2001.11.25"]
[SourceQuality "1"]

1. e4 c5 2. Nf3 e6 3. d4 cxd4 4. Nxd4 Nf6 5. Nc3 d6 6. Bc4 a6 7. a4 Nc6 8. Be3 d5 9. exd5 exd5 10. Be2 Bd6 11. O-O O-O 12. Re1 Re8 13. Bf3 Be5 14. Nxc6 bxc6 15. Bd4 Bxd4 16. Qxd4 Bf5 17. Qc5 Qd7 18. Ne2 Be4 19. Nd4 Bxf3 20. Nxf3 Ne4 21. Qd4 c5 22. Qd3 c4 23. Qd4 Rab8 24. Re3 Rb4 25. Rd1 Nf6 26. Ne5 Qxa4 27. g4 c3 28. Qa7 cxb2 29. Qxf7+ Kh8 30. Nd7 Rxe3 31. Nxf6 Rb8 32. Nh5 0-1

[Event "Olympiad-30"]
[Site "Manila"]
[Date "1992.06.15"]
[Round "7.2"]
[White "Lesiege, Alexandre"]
[Black "De Villiers, Charles"]
[Result "1-0"]
[WhiteElo "2375"]
[BlackElo "2310"]
[WhiteFideId "-1"]
[WhiteFideId "-1"]
[PlyCount "59"]
[GameId "1166637519441920"]
[EventDate "1992.06.08"]
[EventType "team-swiss"]
[EventRounds "14"]
[EventCountry "PHI"]
[SourceTitle "TD"]
[Source "ChessBase"]
[SourceVersion "1"]
[SourceVersionDate "1994.03.01"]
[SourceQuality "1"]
[WhiteTeam "Canada"]
[BlackTeam "South Africa"]
[WhiteTeamCountry "CAN"]
[BlackTeamCountry "RSA"]

1. d4 Nf6 2. c4 g6 3. g3 Bg7 4. Bg2 d5 5. cxd5 Nxd5 6. Nf3 O-O 7. O-O Na6 8. e4 Nb6 9. Nc3 Bg4 10. d5 Qd7 11. Qe2 c6 12. Rd1 cxd5 13. exd5 Rac8 14. Be3 Bxc3 15. bxc3 Nxd5 16. Qb2 Qe6 17. Ng5 Nxe3 18. Nxe6 Nxd1 19. Rxd1 Bxe6 20. Qxb7 Nc5 21. Qxa7 Rfe8 22. h3 Bc4 23. a4 Bb3 24. Ra1 e5 25. a5 e4 26. a6 Re6 27. Ra5 Nd3 28. Qb7 Rxc3 29. a7 e3 30. a8=Q+ 1-0

[Event "Olympiad-30"]
[Site "Manila"]
[Date "1992.06.16"]
[Round "8.2"]
[White "Lesiege, Alexandre"]
[Black "Santo Roman, Marc"]
[Result "1-0"]
[WhiteElo "2375"]
[BlackElo "2495"]
[WhiteFideId "-1"]
[WhiteFideId "-1"]
[PlyCount "79"]
[GameId "1166637520289792"]
[EventDate "1992.06.08"]
[EventType "team-swiss"]
[EventRounds "14"]
[EventCountry "PHI"]
[SourceTitle "TD"]
[Source "ChessBase"]
[SourceVersion "1"]
[SourceVersionDate "1994.03.01"]
[SourceQuality "1"]
[WhiteTeam "Canada"]
[BlackTeam "France"]
[WhiteTeamCountry "CAN"]
[BlackTeamCountry "FRA"]

1. d4 f5 2. g3 d6 3. Bg2 Nf6 4. Nf3 g6 5. O-O Bg7 6. c4 O-O 7. Nc3 Qe8 8. d5 Na6 9. Nd4 Bd7 10. e4 fxe4 11. Nxe4 Nxe4 12. Bxe4 Kh8 13. h4 Nc5 14. Bg2 e5 15. dxe6 Nxe6 16. Be3 c6 17. Qd2 Rd8 18. Nf3 c5 19. Ng5 Bc6 20. Bxc6 bxc6 21. Rae1 Rd7 22. Bd4 Re7 23. Bxg7+ Nxg7 24. Rxe7 Qxe7 25. Re1 Qd7 26. Ne4 Re8 27. Re3 Rd8 28. Rd3 Nf5 29. Nxc5 Qe7 30. Nb3 c5 31. Nxc5 Rc8 32. Qc3+ Kg8 33. Nb3 Qf7 34. Nd2 Qe6 35. Qa5 Rc5 36. Qxa7 Re5 37. Nf3 Re2 38. Ng5 Qxc4 39. Rc3 Re1+ 40. Kh2 1-0

[Event "Olympiad-30"]
[Site "Manila"]
[Date "1992.06.17"]
[Round "9.2"]
[White "Garma, Chito"]
[Black "Lesiege, Alexandre"]
[Result "0-1"]
[WhiteElo "2330"]
[BlackElo "2375"]
[WhiteFideId "-1"]
[WhiteFideId "-1"]
[PlyCount "108"]
[GameId "1166637521117184"]
[EventDate "1992.06.08"]
[EventType "team-swiss"]
[EventRounds "14"]
[EventCountry "PHI"]
[SourceTitle "TD"]
[Source "ChessBase"]
[SourceVersion "1"]
[SourceVersionDate "1994.03.01"]
[SourceQuality "1"]
[WhiteTeam "Philippines III"]
[BlackTeam "Canada"]
[WhiteTeamCountry "PHI"]
[BlackTeamCountry "CAN"]

1. e4 c5 2. Nf3 e6 3. d4 cxd4 4. Nxd4 Nf6 5. Nc3 d6 6. g4 h6 7. h4 Nc6 8. Rg1 h5 9. gxh5 Nxh5 10. Bg5 Nf6 11. Qd2 a6 12. O-O-O Qb6 13. Nb3 Bd7 14. Qe1 Qc7 15. f4 O-O-O 16. Bg2 Re8 17. Rf1 Nh5 18. f5 Ne5 19. fxe6 fxe6 20. Bf3 Nf6 21. Qg3 Kb8 22. Be2 Rc8 23. Rd4 Be7 24. Bf4 Bc6 25. Nc5 Bd5 26. b4 Nc6 27. Nxe6 Bxe6 28. Rxd6 Ka8 29. Rxe6 Qd7 30. Rxf6 Bxf6 31. Bg4 Qd4 32. Bxc8 Rxc8 33. Qh3 Ne7 34. Bd2 Qxb4 35. Rf3 Qc5 36. h5 b5 37. e5 Bxe5 38. Rf7 b4 39. Rxe7 bxc3 40. Qf3+ Rc6 41. Be3 Qxe7 42. Qxc6+ Qb7 43. Qxb7+ Kxb7 44. Kd1 Kc6 45. Ke2 Kb5 46. Kd3 Kb4 47. Bd4 Bxd4 48. Kxd4 a5 49. a4 Kxa4 50. Kxc3 Ka3 51. Kc4 Kb2 52. Kb5 Kxc2 53. Kxa5 Kd3 54. Kb4 Ke4 0-1

[Event "Olympiad-30"]
[Site "Manila"]
[Date "1992.06.18"]
[Round "10.2"]
[White "Lesiege, Alexandre"]
[Black "Kuczynski, Robert"]
[Result "0-1"]
[WhiteElo "2375"]
[BlackElo "2500"]
[WhiteFideId "-1"]
[WhiteFideId "-1"]
[PlyCount "116"]
[GameId "1166637521920000"]
[EventDate "1992.06.08"]
[EventType "team-swiss"]
[EventRounds "14"]
[EventCountry "PHI"]
[SourceTitle "TD"]
[Source "ChessBase"]
[SourceVersion "1"]
[SourceVersionDate "1994.03.01"]
[SourceQuality "1"]
[WhiteTeam "Canada"]
[BlackTeam "Poland"]
[WhiteTeamCountry "CAN"]
[BlackTeamCountry "POL"]

1. e4 c5 2. Nf3 d6 3. d4 cxd4 4. Nxd4 Nf6 5. Nc3 a6 6. Be2 e5 7. Nb3 Be7 8. O-O Be6 9. f4 Qc7 10. a4 Nbd7 11. Be3 O-O 12. a5 exf4 13. Rxf4 Ne5 14. Nd4 Nfd7 15. Kh1 Rfe8 16. Nf5 Bf8 17. Bd4 Rac8 18. Ne3 Ng6 19. Rf1 Nde5 20. Na4 Nd7 21. b4 Nge5 22. c4 Be7 23. Nd5 Qd8 24. Rc1 Bg5 25. Rc2 Ng6 26. Bg1 Bh6 27. Qd3 Bxd5 28. Qxd5 Nf4 29. Qxd6 Re6 30. Qd1 Nxe2 31. Rxe2 Rxc4 32. Nc5 Rc1 33. Qxc1 Bxc1 34. Nxe6 Qc8 35. Nc5 Ba3 36. Rd1 Nf8 37. Nd3 Qc4 38. Bc5 Ne6 39. Nf4 h5 40. Nd3 Nxc5 41. bxc5 Bxc5 42. Rb2 Ba3 43. Rxb7 Qxe4 44. Rbb1 Qf5 45. Rb3 Bf8 46. Ra1 g6 47. h3 Bg7 48. Rb8+ Kh7 49. Rd1 Qxa5 50. Ne1 Bf6 51. Nf3 Kg7 52. Ra8 Qb5 53. Ra7 Qc4 54. Rdd7 g5 55. Rdc7 Qe6 56. g4 hxg4 57. hxg4 Kg6 58. Rc5 Qe3 0-1

[Event "Olympiad-30"]
[Site "Manila"]
[Date "1992.06.20"]
[Round "11.2"]
[White "Wittmann, Walter"]
[Black "Lesiege, Alexandre"]
[Result "1/2-1/2"]
[WhiteElo "2380"]
[BlackElo "2375"]
[WhiteFideId "-1"]
[WhiteFideId "-1"]
[PlyCount "109"]
[GameId "1166637522604032"]
[EventDate "1992.06.08"]
[EventType "team-swiss"]
[EventRounds "14"]
[EventCountry "PHI"]
[SourceTitle "TD"]
[Source "ChessBase"]
[SourceVersion "1"]
[SourceVersionDate "1994.03.01"]
[SourceQuality "1"]
[WhiteTeam "Austria"]
[BlackTeam "Canada"]
[WhiteTeamCountry "AUT"]
[BlackTeamCountry "CAN"]

1. e4 c5 2. Nf3 e6 3. d4 cxd4 4. Nxd4 Nf6 5. Nc3 d6 6. f4 Nc6 7. Be3 e5 8. Nf3 Ng4 9. Rc1 exf4 10. Bxf4 Be6 11. Qd2 a6 12. Nd5 Bxd5 13. exd5 Nce5 14. Be2 Be7 15. Nd4 g6 16. Bxg4 Nxg4 17. O-O O-O 18. h3 Ne5 19. Bh6 Re8 20. Kh1 Rc8 21. b3 Rc5 22. c4 b5 23. cxb5 axb5 24. Qf4 Bf8 25. Bxf8 Rxf8 26. Rcd1 Qa8 27. Nc6 Nxc6 28. Qxd6 Rc2 29. dxc6 Rxc6 30. Qd5 b4 31. Rd4 Rc7 32. Qxa8 Rxa8 33. Rf2 Rb7 34. g4 Ra5 35. Kg2 Kg7 36. Kg3 h5 37. Rff4 h4+ 38. Kf3 Rxa2 39. g5 Rh2 40. Rxh4 Rb5 41. Rxb4 Rxg5 42. Rb7 Rf5+ 43. Ke4 Rf1 44. b4 g5 45. Rg4 Kg6 46. Rg3 f5+ 47. Kd4 Rd2+ 48. Kc4 f4 49. Ra3 Rd6 50. Ra8 f3 51. Rg8+ Kh5 52. Rh7+ Rh6 53. Rxh6+ Kxh6 54. Kd3 Rb1 55. Ke3 1/2-1/2

[Event "Olympiad-30"]
[Site "Manila"]
[Date "1992.06.21"]
[Round "12.2"]
[White "Lesiege, Alexandre"]
[Black "Rubinetti, Jorge Alberto"]
[Result "1-0"]
[WhiteElo "2375"]
[BlackElo "2450"]
[WhiteFideId "-1"]
[WhiteFideId "-1"]
[PlyCount "71"]
[GameId "1166637523386368"]
[EventDate "1992.06.08"]
[EventType "team-swiss"]
[EventRounds "14"]
[EventCountry "PHI"]
[SourceTitle "TD"]
[Source "ChessBase"]
[SourceVersion "1"]
[SourceVersionDate "1994.03.01"]
[SourceQuality "1"]
[WhiteTeam "Canada"]
[BlackTeam "Argentina"]
[WhiteTeamCountry "CAN"]
[BlackTeamCountry "ARG"]

1. e4 e5 2. Nf3 Nc6 3. Bb5 a6 4. Ba4 Nf6 5. O-O Be7 6. d4 exd4 7. Re1 b5 8. Bb3 d6 9. Bd5 Bd7 10. Nxd4 Nxd5 11. Nxc6 Bxc6 12. exd5 Bb7 13. a4 bxa4 14. Bg5 f6 15. Bxf6 gxf6 16. Qh5+ Kf8 17. Ra3 h6 18. Rae3 Rh7 19. Nc3 Kg8 20. Ne4 Qf8 21. Ng3 Bc8 22. Qe2 Rb8 23. c3 Bd7 24. Nh5 Kh8 25. Nf4 Bf5 26. Qh5 Bc2 27. R3e2 a3 28. Rxc2 axb2 29. Rxb2 Kg8 30. Rbe2 Qf7 31. Qf5 Bf8 32. Re6 Rg7 33. Rxf6 Qd7 34. Ne6 Rf7 35. Qg4+ Bg7 36. Rxh6 1-0

[Event "Olympiad-30"]
[Site "Manila"]
[Date "1992.06.22"]
[Round "13.2"]
[White "Bellon Lopez, Juan Manuel"]
[Black "Lesiege, Alexandre"]
[Result "1/2-1/2"]
[WhiteElo "2435"]
[BlackElo "2375"]
[WhiteFideId "-1"]
[WhiteFideId "-1"]
[PlyCount "112"]
[GameId "1166637524402176"]
[EventDate "1992.06.08"]
[EventType "team-swiss"]
[EventRounds "14"]
[EventCountry "PHI"]
[SourceTitle "TD"]
[Source "ChessBase"]
[SourceVersion "1"]
[SourceVersionDate "1994.03.01"]
[SourceQuality "1"]
[WhiteTeam "Spain"]
[BlackTeam "Canada"]
[WhiteTeamCountry "ESP"]
[BlackTeamCountry "CAN"]

1. d4 Nf6 2. Nf3 g6 3. c4 Bg7 4. Nc3 O-O 5. e4 d6 6. Be2 e5 7. dxe5 dxe5 8. Qxd8 Rxd8 9. Bg5 c6 10. Nxe5 Re8 11. O-O-O Na6 12. f4 h6 13. Bh4 g5 14. Bf2 gxf4 15. Nf3 Ng4 16. Bd4 Bxd4 17. Rxd4 Nc5 18. g3 fxg3 19. Rg1 gxh2 20. Nxh2 h5 21. b4 Na6 22. Nxg4 Bxg4 23. Rd7 Nxb4 24. Rxb7 Reb8 25. Rc7 Rc8 26. Rxc8+ Rxc8 27. a3 Na6 28. Bxg4 hxg4 29. Rxg4+ Kf8 30. Rg5 Nb8 31. Ne2 Nd7 32. Ra5 Re8 33. Ng3 Ne5 34. Rxa7 Nxc4 35. Kc2 f5 36. Nxf5 Rxe4 37. Kd3 Rf4 38. Nd4 Ne5+ 39. Ke3 Rf6 40. Ke4 Nc4 41. a4 Ke8 42. a5 c5 43. Nb3 Nxa5 44. Nxa5 Re6+ 45. Kd5 Re7 46. Nb7 Rf7 47. Nd6+ Kf8 48. Ne4 Re7 49. Ra6 Kg7 50. Nxc5 Re1 51. Ne4 Rh1 52. Ke5 Rh5+ 53. Kf4 Rh1 54. Ng3 Rc1 55. Kg5 Kf7 56. Nf5 Rg1+ 1/2-1/2

[Event "Olympiad-30"]
[Site "Manila"]
[Date "1992.06.24"]
[Round "14.2"]
[White "Lesiege, Alexandre"]
[Black "Brunner, Lucas"]
[Result "0-1"]
[WhiteElo "2375"]
[BlackElo "2500"]
[WhiteFideId "-1"]
[WhiteFideId "-1"]
[PlyCount "88"]
[GameId "1166637525180416"]
[EventDate "1992.06.08"]
[EventType "team-swiss"]
[EventRounds "14"]
[EventCountry "PHI"]
[SourceTitle "TD"]
[Source "ChessBase"]
[SourceVersion "1"]
[SourceVersionDate "1994.03.01"]
[SourceQuality "1"]
[WhiteTeam "Canada"]
[BlackTeam "Switzerland"]
[WhiteTeamCountry "CAN"]
[BlackTeamCountry "SUI"]

1. d4 Nf6 2. c4 e6 3. Nc3 Bb4 4. e3 b6 5. Nge2 Ba6 6. a3 Bxc3+ 7. Nxc3 d5 8. b3 O-O 9. Be2 Nc6 10. a4 Qd7 11. O-O dxc4 12. Ba3 Rfd8 13. b4 Bb7 14. b5 Na5 15. Rb1 e5 16. Bb4 exd4 17. Bxa5 d3 18. Bb4 dxe2 19. Qxe2 c5 20. bxc6 Qxc6 21. f3 Rd3 22. Rbc1 Nd5 23. Nxd5 Qxd5 24. e4 Qd4+ 25. Qf2 Rd8 26. Qxd4 R3xd4 27. a5 Bc8 28. Kf2 b5 29. Ke2 f5 30. exf5 Bxf5 31. Rfd1 Rd3 32. Rxd3 Bxd3+ 33. Kf2 Kf7 34. Re1 Rd7 35. Re5 a6 36. Rc5 Ke6 37. Ke3 Bg6 38. Rc6+ Kf7 39. Rxa6 Rd3+ 40. Kf4 c3 41. Ke5 Re3+ 42. Kd5 c2 43. Ra7+ Ke8 44. Rc7 Bf7+ 0-1

[Event "New York op"]
[Site "New York USA"]
[Date "1992.04.16"]
[Round "3"]
[White "Feldman, Steven"]
[Black "Lesiege, Alexandre"]
[Result "0-1"]
[WhiteElo "2276"]
[BlackElo "2428"]
[WhiteFideId "-1"]
[WhiteFideId "-1"]
[PlyCount "60"]
[GameId "2129405196467730"]
[EventDate "1992.04.15"]
[EventType "swiss"]
[EventRounds "9"]
[EventCountry "USA"]

1. d4 Nf6 2. c4 g6 3. Nc3 Bg7 4. e4 O-O 5. Nf3 d6 6. Be2 e5 7. O-O Nc6 8. d5 Ne7 9. b4 Nh5 10. g3 f5 11. Ng5 Nf6 12. f3 a5 13. bxa5 c6 14. c5 cxd5 15. exd5 Rxa5 16. Be3 h6 17. cxd6 Qxd6 18. Ne6 Bxe6 19. dxe6 Qxe6 20. Nb5 Ned5 21. Qb3 Kh7 22. Rfc1 Rc8 23. a4 Rxc1+ 24. Rxc1 e4 25. Bd2 Ra8 26. Nc7 Nxc7 27. Qxb7 Nfd5 28. Bc4 exf3 29. Bxd5 Nxd5 30. Qxa8 Qe2 0-1

[Event "New York op"]
[Site "New York USA"]
[Date "1992.??.??"]
[Round "5"]
[White "Lesiege, Alexandre"]
[Black "Petursson, Margeir"]
[Result "1/2-1/2"]
[WhiteElo "2375"]
[BlackElo "2555"]
[WhiteFideId "-1"]
[WhiteFideId "-1"]
[PlyCount "91"]
[GameId "2129405196467807"]
[EventDate "1992.04.15"]
[EventType "swiss"]
[EventRounds "9"]
[EventCountry "USA"]
[SourceTitle "TD 92\05"]

1. d4 Nf6 2. c4 e6 3. Nc3 Bb4 4. e3 O-O 5. Bd3 d5 6. Nf3 c5 7. O-O Nc6 8. a3 Bxc3 9. bxc3 Qc7 10. cxd5 exd5 11. Bb2 Bg4 12. Rc1 c4 13. Bc2 b5 14. Qe1 Bxf3 15. gxf3 Rfe8 16. Rb1 a5 17. Qd2 Qd7 18. Kg2 Ne7 19. Rg1 Ra6 20. Kh1 Nh5 21. Rg4 Kh8 22. Rbg1 Rh6 23. e4 Ng8 24. Bc1 dxe4 25. fxe4 f5 26. exf5 Qd5+ 27. R4g2 Nhf6 28. Re1 Rxe1+ 29. Qxe1 Rh3 30. Kg1 b4 31. axb4 axb4 32. cxb4 Qxd4 33. Be3 Qb2 34. f3 Rxf3 35. Be4 Rxe3 36. Qxe3 Qxb4 37. Bc2 Nd5 38. Qe5 Ngf6 39. Kh1 h6 40. Rg1 c3 41. Rb1 Qc4 42. Qg3 Qe2 43. Rg1 Qe7 44. Rb1 Qe2 45. Rg1 Qe7 46. Rb1 1/2-1/2

[Event "New York op"]
[Site "New York USA"]
[Date "1992.??.??"]
[Round "8"]
[White "Sagalchik, Gennadij"]
[Black "Lesiege, Alexandre"]
[Result "0-1"]
[WhiteElo "2475"]
[BlackElo "2375"]
[WhiteFideId "-1"]
[WhiteFideId "-1"]
[PlyCount "78"]
[GameId "2129405196476100"]
[EventDate "1992.04.15"]
[EventType "swiss"]
[EventRounds "9"]
[EventCountry "USA"]
[SourceTitle "TD 92\05"]

1. d4 Nf6 2. c4 g6 3. Nc3 Bg7 4. e4 O-O 5. Bd3 d6 6. Nge2 Nc6 7. O-O e5 8. d5 Nd4 9. Nxd4 exd4 10. Nb5 Re8 11. Re1 Ng4 12. h3 a6 13. hxg4 axb5 14. cxb5 Qh4 15. g3 Qxg4 16. Qxg4 Bxg4 17. Kg2 f5 18. f3 fxe4 19. fxe4 Rf8 20. a4 b6 21. Rf1 Rxf1 22. Bxf1 Be5 23. b4 d3 24. Ra3 Bb2 25. Bxb2 d2 26. Rd3 d1=Q 27. Rxd1 Bxd1 28. e5 Rxa4 29. exd6 cxd6 30. Bd4 Rxb4 31. Bxb6 Ba4 32. Ba5 Rb2+ 33. Kf3 Bxb5 34. Bh3 Kf7 35. Bd8 Ke8 36. Bf6 Rb3+ 37. Kf4 Bc4 38. Bg2 Rd3 39. Bf1 Rxd5 0-1

[Event "New York op"]
[Site "New York USA"]
[Date "1992.??.??"]
[Round "9"]
[White "Palatnik, Semon"]
[Black "Lesiege, Alexandre"]
[Result "1-0"]
[WhiteElo "2510"]
[BlackElo "2375"]
[WhiteFideId "-1"]
[WhiteFideId "-1"]
[PlyCount "99"]
[GameId "2129405196476135"]
[EventDate "1992.04.15"]
[EventType "swiss"]
[EventRounds "9"]
[EventCountry "USA"]
[SourceTitle "TD 92\05"]

1. Nf3 c5 2. c4 g6 3. d4 cxd4 4. Nxd4 Bg7 5. e4 Nf6 6. Nc3 d6 7. Be2 O-O 8. O-O a6 9. Be3 Nbd7 10. f3 e6 11. Nb3 Qc7 12. Qd2 Re8 13. Rfd1 Bf8 14. Rac1 b6 15. Bf1 Bb7 16. Qf2 Rac8 17. a4 Qb8 18. g4 Ne5 19. a5 bxa5 20. g5 Ba8 21. Nxa5 Nfd7 22. h3 Qb4 23. Ra1 Nc5 24. f4 Ned7 25. Bg2 Be7 26. Bd2 Nb3 27. Nd5 Qb8 28. Nxe7+ Rxe7 29. Nxb3 Qxb3 30. Bc3 Qxc4 31. Rxd6 Nc5 32. Rd4 Qb5 33. Ra5 Qe8 34. Rd1 Nxe4 35. Bxe4 Bxe4 36. Qd4 Rxc3 37. bxc3 Bf3 38. Rd2 Qa8 39. Rxa6 Qxa6 40. Qd8+ Kg7 41. Qxe7 Qa1+ 42. Kf2 Bd5 43. Qf6+ Kg8 44. c4 Qa5 45. Qd4 Bxc4 46. Rb2 Bb5 47. Qc5 Qa4 48. Rxb5 Qxf4+ 49. Ke2 Qe4+ 50. Qe3 1-0